1708 1352 1201 1789 1952 1155 1146 1130 1153 1723 1495 1610 1817 1067 1516 1393 1956 1137 1970 1466 1323 1409 1087 1367 1977 1948 1223 1283 1813 1032 1854 1552 1171 1966 1616 1061 1052 1409 1009 1380 1867 1459 1885 1129 1092 1026 1587 1755 1267 1899 1152 1823 1430 1343 1008 1426 1050 1965 1627 1633 1256 1665 1236 1602 1140 1387 1460 1497 1442 1330 1563 1325 1640 1548 1384 1986 1840 1484 1070 1580 1587 1504 1177 1938 1841 1069 1023 1016 1685 1931 1746 1709 1567 1661 1280 1850 1209 1915 1355 BCNSPRNW ULIB Ver.6.0+V

เปลี่ยนเป็นภาษาไทย

Change to English
 แสดงรายละเอียดบรรณานุกรม
  กลับหน้าหลัก

Brief Record : Get Marc (ISO 2709) : E-mail record : QR code < ปิดหน้าต่าง
LEADER : 00000nam 2200000uu 4500
001    13399126012
003     ULIB
008    180427s2559||||th 000 0 tha d
020    ^a9786160027361
050    ^aนว^bค472ว
100  0  ^aคีตา.
245  1  ^aวายุหงสา /^cคีตา.
250    ^aพิมพ์ครั้งที่ 1.
260    ^aกรุงเทพฯ :^bPrincess,^c2559.
300    ^a431 หน้า ;^c21 ซม.
490  1  ^aชุดจอมใจพยัคฆ์
830    0 ^aชุดจอมใจพยัคฆ์.
850    ^aมบ.
945    ^p300^l0^i003426
999    ^aประนอม เกษจรัล
รายการนี้ยังไม่มีแท็ก
คุณยังไม่ได้ล็อกอิน คุณสามารถมีกิจกรรมร่วมกับเว็บไซต์ได้ แต่ต้องล็อกอินก่อน ::
  ล็อกอิน

รายการสื่อสารสนเทศ

ลำดับที่ ประเภท เลขเรียก/บาร์โค้ด สถานที่ สถานะ
1. นวนิยาย
นวนิยาย
นว ค472ว ฉ.1 
  Barcode: 003426
ห้องสมุดวิทยาเขตนครสวรรค์
►นวนิยาย:l:Fiction
บนชั้น

BibComment


ยังไม่เคยถูกคอมเมนท์

คอมเมนท์ทรัพยากรรายการนี้
  คอมเมนท์: วายุหงสา คีตา


 Copyright 2026. Bcnsprnw @Library